00768nam a22002177a 4500999001300000001000500013003000900018005001700027008004100044020002100085040003800106082001900144100002400163245005500187260004500242300004900287504006600336650002000402942001200422952011600434 c933d9333888BD-DhUAP20200129111349.0200129s1998 txua b 001 0 eng d a0030245028 (pbk) aBD-DhUAPbEngcBD-DhUAPdBD-DhUAP00223a338.5 MAN 1 aMankiw, N. Gregory.10aPrinciples of microeconomics /cN. Gregory Mankiw. aFort Worth, TX. :bDryden Press,cc1998. axxxiii, 488 pages :billustrations ;c26 cm. aIncludes bibliographical references (p. [489-490]) and index. 0aMicroeconomics. 2ddccBK 00102ddc4070aUAPCLbUAPCLcGeneral Stacksd2020-01-29o338.5 MANp3010003888r2020-01-29t1w2020-01-29yBK